| 000 | 00473nam a2200169Ia 4500 | ||
|---|---|---|---|
| 003 | LK-CoDNM | ||
| 008 | 010623t2009 xxu||||| |||| 00| 1 sin d | ||
| 040 |
_aLK-CoDNM _dLK-CoDNM _eLK-CoDNM |
||
| 041 | _asin | ||
| 080 |
_a778 _bWEJ |
||
| 100 | _aWijerathna,N.P | ||
| 245 | _aඩිජිටල් ඡායාරූප සංස්කෘරණය | ||
| 246 | _aDijital Chayarupa Saskarnaya | ||
| 260 |
_bAkrsha _aMeerigama _c2009 |
||
| 300 | _b179, 21.5 cm | ||
| 942 | _cBK | ||
| 999 |
_c128701 _d128701 |
||